Представление документа в формате RUSMARC

ПолеНазваниеЗначение
  Тип записи a
  Библиографический уровень a
001 Контрольный номер RU/CBS_UL/BASE/8cd3b850caa04540a47c89bb507a993d
005 Дата корректировки 20240213161438.8
100 Данные общей обработки __
a Данные общей обработки 20240110 ||| 0rusy0189 ca
101 Язык документа 0_
a Язык текста rus
102 Страна публикации __
a Страна публикации RU
200 Заглавие и сведения об ответственности 1_
a Заглавие Масштаб
e Сведения, относящиеся к заглавию [статья]
f Первые сведения об ответственности Г. Гатина
300 Общие примечания __
a Общие примечания 16+
461 Уровень набора _0
1 2000
a Магариф
463 Уровень физической единицы _0
1 2000
a №6
v С. 54-56
1 2101
d 2023
1 001RU/CBS_UL/BASE/227c7409fd1e48d2bad774565eb51c1f
606 Тематические рубрики 0_
a Основная рубрика Методика преподавания - Математика
606 Тематические рубрики 0_
y Географическая подрубрика Азнакаево, город (Татария)
610 Ключевые слова 0_
a Ключевые слова уроки
610 Ключевые слова 0_
a Ключевые слова уроки математики
610 Ключевые слова 0_
a Ключевые слова образование в Татарстане
686 Индексы других классификаций __
2 Код системы rubbk
a Классификационный индекс 74.262
700 Автор _1
a Фамилия Гатина
b Имя (инициалы) Г.
801 Источник записи _0
a Страна RU
b Организация МБУК ЦБС г. Ульяновска
c Дата составления 20240110
g Правила каталогизации RCR
801 Источник записи _1
a Страна RU
b Организация МБУК ЦБС г. Ульяновска
c Дата составления 20240110
g Правила каталогизации RCR
901 Тип документа __
t Тип документа b
w Контрольный № источника RU/CBS_UL/BASE/227c7409fd1e48d2bad774565eb51c1f